banner-ar

تاريخ السودان / (Record no. 60082)

MARC details
000 -الفاتح
حقل البيانات ثابتة الطول 01125nam a22002537a 4500
005 - وقت وتاريخ اخر تعامل مع التسجيلة
رقم الضبط 20240530110352.0
008 - عناصر البيانات ثابتة الطول - معلومات عامة
حقل البيانات ثابتة الطول 141224s2010 ua bf g b 001 0 ara d
017 ## - رقم الايداع القانونى
رقم الايداع القانونى 1735/2010
المصدر ( الهيئة المختصة) مصر . دار الكتب المصرية
020 ## - الرقم الدولى المعيارى للكتب
الرقم الدولى المعيارى للكتاب 9789773641107
040 ## - مصدر الفهرسة
وكالة الفهرسة الأصلية EG-CaGPL
041 0# - رمز اللغة
رمز لغة النص/ المسارات الصوتية أو العنوان الانفرادي ara
082 04 - رقم تصنيف ديوى العشرى
رقم الطبعة 21
رقم التصنيف 962.4\
رقم المادة ع ت
100 1# - المدخل الرئيسى - إسم شخصى
الإسم الشخصى السعدى ، عبدالرحمن بن عبدالله بن عمران
الشكل الأكمل للاسم عبدالرحمن بن عبدالله بن عمران السعدى
245 10 - بيان العنوان
العنوان تاريخ السودان /
بيان المسئوليه,etc تاليف عبدالرحمن بن عبدالله بن عمران السعدى ؛ دراسة وتحقيق عبدالنعيم ضيفى عثمان
250 ## - بيان الطبعة
بيان الطبعة ط1
260 ## - PUBLICATION, DISTRIBUTION, ETC. (IMPRINT)
تاريخ النشر أو التوزيع 2010
300 ## - الوصف المادى
التعداد 335 ص
تفاصيل ماديه اخرى للوعاء لو ، خرائط ؛
أبعاد الوعاء 24 سم
504 ## - تبصرة ببليوجرافية
تبصرة ببليوجرافية,الخ يشتمل على ارجاعات ببليوجرافية
651 04 - المدخل الاضافى بالموضوع - اسم جغرافى
الاسم الجغرافي السودان
التقسيم الفرعي العام تاريخ
651 04 - المدخل الاضافى بالموضوع - اسم جغرافى
الاسم الجغرافي السودان القديم
التقسيم الفرعي العام تاريخ
700 0# - المدخل الاضافى - اسم شخصى
الإسم الشخصى عبدالنعيم ضيفى عثمان
الدور معلق ومحقق
942 ## - عناصر المدخل الإضافي( كوها)
مصدر التصنيف او مخطط الترفيف Dewey Decimal Classification
Koha [default] item type كتاب
260 ## - PUBLICATION, DISTRIBUTION, ETC. (IMPRINT)
-- القاهرة :
-- دار الرشاد ،
Holdings
حالة التراجع حالة الفقد حالة تلف ليس للاعارة المكان المؤقت الموقع الحالى تاريخ الاكتساب اجمالي اﻻعارات رقم الطلب الباركود تاريخ اخر مشاهدة تاريخ تفعيل السعر نوع وعاء كوها
        مكتبة القاهرة الكبرى مكتبة القاهرة الكبرى 12/24/2014   962.4\ ع ت 159071 12/24/2014 12/24/2014 كتاب

Powered By

EGPV